[Event "GER-chT U14 Girls"]
[Site "Stuttgart"]
[Date "2007.12.30"]
[Round "7.4"]
[White "Moeller, Felicia"]
[Black "Finke, Lara"]
[Result "0-1"]
[WhiteElo "934"]
[BlackElo "783"]
[PlyCount "52"]
[EventDate "2007.12.27"]
[EventType "team-swiss"]
[EventRounds "7"]
[EventCountry "GER"]
[SourceTitle "EXT 2009"]
[Source "ChessBase"]
[SourceDate "2008.11.26"]
[SourceVersion "1"]
[SourceVersionDate "2008.11.26"]
[SourceQuality "1"]
[WhiteTeam "Saalfeld U14 Girls"]
[BlackTeam "Dortmund SV U14 Girls"]
[WhiteTeamCountry "GER"]
[BlackTeamCountry "GER"]

1. e4 e5 2. Nf3 Nc6 3. Nc3 Nf6 4. d4 exd4 5. Nxd4 Bb4 6. Nxc6 bxc6 7. Bd2 0-0 8. f3 Re8 9. Bd3 d5 10. 0-0 Rb8 11. Rb1 Be6 12. b3 Qd6 13. Re1 dxe4 14. Nxe4 Nxe4 15. Rxe4 Bxd2 16. Qxd2 Qc5+ 17. Kh1 Bf5 18. Rh4 Bxd3 19. Qxd3 g6 20. Rf4 Rbd8 21. Qc4 Qxc4 22. Rxc4 Rd6 23. Re4 Red8 24. Rbe1 Rd2 25. g3 Rxc2 26. Ra1 Rdd2 0-1

[Event "GER-chT U14 Girls"]
[Site "Stuttgart"]
[Date "2007.12.27"]
[Round "1.4"]
[White "Moeller, Felicia"]
[Black "Billepp, Dana Marie"]
[Result "0-1"]
[WhiteElo "934"]
[BlackElo "748"]
[PlyCount "46"]
[EventDate "2007.12.27"]
[EventType "team-swiss"]
[EventRounds "7"]
[EventCountry "GER"]
[SourceTitle "EXT 2009"]
[Source "ChessBase"]
[SourceDate "2008.11.26"]
[SourceVersion "1"]
[SourceVersionDate "2008.11.26"]
[SourceQuality "1"]
[WhiteTeam "Saalfeld U14 Girls"]
[BlackTeam "Rossdorf SC Ladja U14 Girls"]
[WhiteTeamCountry "GER"]
[BlackTeamCountry "GER"]

1. d4 d5 2. e3 Nf6 3. Bd3 Bg4 4. Nf3 h6 5. Nbd2 Nc6 6. c3 Bh5 7. 0-0 e6 8. h3 Qd6 9. c4 e5 10. dxe5 Nxe5 11. Be2 g5 12. Nd4 Nd3 13. Bxh5 Qe5 14. Qa4+ Nd7 15. Bg4 Bd6 16. Qxd7+ Kf8 17. N2f3 Qf6 18. Bh5 Rh7 19. Nf5 Rd8 20. Qb5 c6 21. Qxb7 Qxf5 22. Nd4 Qe5 23. Nxc6 Qh2# 0-1

[Event "GER-chT U14 Girls"]
[Site "Stuttgart"]
[Date "2007.12.27"]
[Round "2.4"]
[White "Zimmermann, Lara"]
[Black "Moeller, Felicia"]
[Result "1-0"]
[WhiteElo "844"]
[BlackElo "934"]
[PlyCount "63"]
[EventDate "2007.12.27"]
[EventType "team-swiss"]
[EventRounds "7"]
[EventCountry "GER"]
[SourceTitle "EXT 2009"]
[Source "ChessBase"]
[SourceDate "2008.11.26"]
[SourceVersion "1"]
[SourceVersionDate "2008.11.26"]
[SourceQuality "1"]
[WhiteTeam "Endingen U14 Girls"]
[BlackTeam "Saalfeld U14 Girls"]
[WhiteTeamCountry "GER"]
[BlackTeamCountry "GER"]

1. e4 e5 2. Nf3 Nc6 3. Bc4 Bc5 4. c3 Be7 5. d3 d6 6. Be3 f5 7. exf5 Bxf5 8. Nbd2 d5 9. Bb5 Bf6 10. d4 e4 11. Ne5 Bxe5 12. dxe5 Nge7 13. Bd4 0-0 14. Bc5 Nxe5 15. Qh5 Nd3+ 16. Bxd3 exd3 17. Qg5 Rf7 18. Rd1 h6 19. Qh4 Qe8 20. 0-0 Nc6 21. Rfe1 Qd7 22. Nf3 Re8 23. Rxe8+ Qxe8 24. Bd4 Re7 25. Qg3 d2 26. h3 Nxd4 27. cxd4 Re1+ 28. Nxe1 Qxe1+ 29. Rxe1 dxe1Q+ 30. Kh2 Be4 31. f3 Bd3 32. Qxe1 1-0